00727pam a2200229 a 4500001000500000005001700005020001400022040002300036050002300059082001000082100002000092245004200112250004700154260003400201300005900235505000900294520010600303521002200409521002100431650002600452650001900478253820240108094415.0 a590535986 aDLCcDLCdDLCbeng00aPZ7.R1936bGo 199400a813.61 aRathmann, Peggy10aGood night, Gorilla /cPeggy Rathmann aFirst Scholastic printing , September 1995 aNew York :bScholastic,c1994 a34 unnumbered pages : bcolor illustrations ; c19 cm  aAA  aAn unobservant zookeeper is followed home by all the animals he thinks he has left behind in the zoo. a50 BR bLexile  aAA bRaz-Plus  1aZoo animalsxFiction. 1aZoosxFiction.